000 00361pam a2200157a 44500
008 230515b1986 xxu||||| |||| 00| 0 eng d
020 _aNULL
041 _aENGLISH
082 _a630
100 _aKASMALKAR B J
245 _aGEOTECHNICAL ENGINEERING
250 _a2
260 _aDELHI
_bPEDIATRIC CLINICS OF INDIA
_c1986
300 _a504
650 _aNULL
999 _c651517
_d651517